Luật kiểm toán nhà nước : Các văn bản hướng dẫn thực hiện luật kiểm toán nhà nước và các văn bản về cơ chế khoán chi và tự chủ tài chính đối với các cơ quan hành chínhm, đơn vị sự nghiệp công lập

Cuốn sách cung cấp cho bạn đọc những văn bản hiện hành về tổ chức và hoạt động của kiểm toán nhà nước.

Gorde:
Xehetasun bibliografikoak
Egile korporatiboa: Việt Nam, Ủy ban Tài chính, Ngân sách của Quốc hội
Formatua: Liburua
Hizkuntza:Undetermined
Argitaratua: Hà Nội Chính trị quốc gia 2007
Gaiak:
Etiketak: Etiketa erantsi
Etiketarik gabe, Izan zaitez lehena erregistro honi etiketa jartzen!
Thư viện lưu trữ: Trung tâm Học liệu Trường Đại học Cần Thơ
LEADER 01282nam a2200241Ia 4500
001 CTU_178654
008 210402s9999 xx 000 0 und d
082 |a 343.597034 
082 |b V308 
110 |a Việt Nam 
110 |b Ủy ban Tài chính, Ngân sách của Quốc hội 
245 0 |a Luật kiểm toán nhà nước : 
245 0 |b Các văn bản hướng dẫn thực hiện luật kiểm toán nhà nước và các văn bản về cơ chế khoán chi và tự chủ tài chính đối với các cơ quan hành chínhm, đơn vị sự nghiệp công lập 
245 0 |c Ủy ban Tài chính, Ngân sách của Quốc hội 
260 |a Hà Nội 
260 |b Chính trị quốc gia 
260 |c 2007 
520 |a Cuốn sách cung cấp cho bạn đọc những văn bản hiện hành về tổ chức và hoạt động của kiểm toán nhà nước. 
650 |a Auditing law,Budget,Luật kiểm toán,Ngân sách 
650 |x Law and legislation,Luật và pháp luật 
650 |z Vietnam,Vietnam,Việt Nam,Việt Nam 
904 |i Trọng Hiếu 
980 |a Trung tâm Học liệu Trường Đại học Cần Thơ